| 000 | 00504nam a2200181 i 4500 | ||
|---|---|---|---|
| 001 | 42379 | ||
| 003 | ES-MaACL | ||
| 005 | 20250814063213.0 | ||
| 007 | t| | ||
| 008 | 030313s1967 sp ||||1| spa d | ||
| 100 | 1 |
_aCastillo-Puche, José Luis, _d1919-2004 _936763 |
|
| 245 | 1 | 0 |
_aHicieron partes / _cJ. L. Castillo-Puche. |
| 250 | _a[1ª ed.]. | ||
| 260 |
_aBarcelona : _bDestino, _c[1967] |
||
| 300 |
_a326 p. ; _c19 cm. |
||
| 852 |
_aES-MaACL _jC-34249 _bR.64082 |
||
| 999 |
_c42379 _d42379 |
||